|
|
|
|
| LEADER |
01822nam a2200409 i 4500 |
| 001 |
EBC4790375 |
| 003 |
MiAaPQ |
| 005 |
20200520144314.0 |
| 006 |
m o d | |
| 007 |
cr cnu|||||||| |
| 008 |
170201t20172017enka ob 001 0 eng d |
| 020 |
|
|
|z 9781786301062
|
| 020 |
|
|
|a 9781119368519
|q (electronic bk.)
|
| 035 |
|
|
|a (MiAaPQ)EBC4790375
|
| 035 |
|
|
|a (Au-PeEL)EBL4790375
|
| 035 |
|
|
|a (CaPaEBR)ebr11332866
|
| 035 |
|
|
|a (CaONFJC)MIL989118
|
| 035 |
|
|
|a (OCoLC)969546804
|
| 040 |
|
|
|a MiAaPQ
|b eng
|e rda
|e pn
|c MiAaPQ
|d MiAaPQ
|
| 050 |
|
4 |
|a HD38.5
|b .R484 2017
|
| 082 |
0 |
|
|a 658.7
|2 23
|
| 100 |
1 |
|
|a Reveillac, Jean-Michel,
|e author.
|
| 245 |
1 |
0 |
|a Modeling and simulation of logistics flows.
|n 1,
|p Theory and fundamentals /
|c Jean-Michel Reveillac.
|
| 264 |
|
1 |
|a London, England ;
|a Hoboken, New Jersey :
|b ISTE :
|b Wiley,
|c 2017.
|
| 264 |
|
4 |
|c 2017
|
| 300 |
|
|
|a 1 online resource (383 pages) :
|b illustrations (some color), tables
|
| 336 |
|
|
|a text
|2 rdacontent
|
| 337 |
|
|
|a computer
|2 rdamedia
|
| 338 |
|
|
|a online resource
|2 rdacarrier
|
| 504 |
|
|
|a Includes bibliographical references and index.
|
| 588 |
|
|
|a Description based on online resource; title from PDF title page (ebrary, viewed February 1, 2017).
|
| 590 |
|
|
|a Electronic reproduction. Ann Arbor, MI : ProQuest, 2016. Available via World Wide Web. Access may be limited to ProQuest affiliated libraries.
|
| 650 |
|
0 |
|a Business logistics
|x Mathematical models.
|
| 655 |
|
4 |
|a Electronic books.
|
| 776 |
0 |
8 |
|i Print version:
|a Reveillac, Jean-Michel.
|t Modeling and simulation of logistics flows. 1, Theory and fundamentals.
|d London, England ; Hoboken, New Jersey : ISTE ; Wiley, c2017
|h 342 pages
|z 9781786301062
|
| 797 |
2 |
|
|a ProQuest (Firm)
|
| 856 |
4 |
0 |
|u https://ebookcentral.proquest.com/lib/matrademy/detail.action?docID=4790375
|z Click to View
|